000 00915nam a22002537a 4500
005 20131218113314.0
010 _aENG-108866
020 _a9788192563688
_c850.00
035 _aEN-92399
037 _bDBAD/PUB
082 _a338.6420954
100 _aSamal, Kishor C.
245 _aGrowth of informal sector in India /
_cby Kishor C. Samal
260 _aNew Delhi
_bS.K. Book Agency
_c2013
270 _a5A/12, Ansari Road Daryaganj
_bNew Delhi
_e110002
300 _ax,222p.
_c22cm(Hb)
500 _aArticles; previously published.
500 _aIncludes bibliographical references and index.
650 _aInformal sector (Economics)
_zIndia.
650 _a Informal sector (Economics)
_zIndia
_xEmployees
_xEconomic conditions.
650 _a Informal sector (Economics)
_zIndia
_xEmployees
_xSocial conditions.
650 _a Urbanization
_zIndia.
942 _2ddc
_cEN
_mSAM
_h338.6420954
999 _c81221
_d81221